| 000 | 00560nam a2200157 a 4500 | ||
|---|---|---|---|
| 008 | 120416s1962 ||||||||||||||||| || u | ||
| 050 | _aGN 484.4 Mar | ||
| 100 | _aFortes, Meyer | ||
| 245 | 1 | 0 |
_aMarriage in tribal societies _cedited by Meyer Fortes |
| 260 |
_aCambridge _bThe Univ. Press _c1962 |
||
| 300 | _avii, 157p : ill. | ||
| 350 | _a0.00 | ||
| 650 | _aTRIBES--MARRIAGES | ||
| 650 | _aTRIBES | ||
| 995 |
_D0.00 _FCBU-MAIN LIBRARY (Kitwe) _H1 _I12.95 _M1 _UAVAILABLE _ZMain Library Open Access Collection |
||
| 999 |
_c50540 _d50540 |
||